00472 a2200169 450000100060000002000180000604000220002410000250004624000360007124500250010730000070013236200090013965000210014894200070016995201090017699900170028568095 a9783193115591 cAnchieta - Pituba aZschärlich, Renate10aPaul, Lisa & Co A1.1ldeu / ger10aPaul, Lisa & Co A1.1 a920 a2018 4aLíngua alemã cBK 00104070a91.1b91.1d2023-11-21l0o430 B783p BOV PAUp23433/PITr2023-11-21 18:36:08w2023-11-21yBK c68095d68095